00542 a2200145 450000100060000010000120000624500410001826000260005909000170008594200230010299900190012595200840014495200840022895200840031247081 aTarr D aAmerican Strategy in the Nuclear Age aNew YorkbMacmillanc c30145d30145 aNUST-CAEcMc22387 c282154d282154 001040708NFICaCAEbCAEd2017-04-03l0pCAE36934r2017-04-05w2017-04-05yBK 001040708NFICaCAEbCAEd2017-04-03l0pCAE36936r2017-04-05w2017-04-05yBK 001040708NFICaCAEbCAEd2017-04-03l0pCAE36935r2017-04-05w2017-04-05yBK